Sociální statistika a její rozvoj v rozšiřující sa Evropské unii
Ekonomická globalizácia - proces, ktorý ovplyvňuje vývoj sveta. Proces rozširovania Európskej únie. Východiskový stav rozšírenej EÚ. Územie a obyvateľstvo - rok 2001. Lisabonský protokol. Makroekonomické ukazovatele. Oblasť vzdelávania v rámci Lisabonského procesu. Modernizácia sociálnej politiky....
Salvato in:
| Autore principale: | |
|---|---|
| Natura: | Capitolo di libro |
| Lingua: | ceco |
| Soggetti: | |
| Tags: |
Nessun Tag, puoi essere il primo ad aggiungerne!!
|
MARC
| LEADER | 00000naa$a2200000$$$4500 | ||
|---|---|---|---|
| 001 | 0011840 | ||
| 005 | 20231013081105.4 | ||
| 041 | 0 | |a cze | |
| 044 | |a CZ | ||
| 245 | 1 | 0 | |a Sociální statistika a její rozvoj v rozšiřující sa Evropské unii |c aut. Stanislav Drápal |
| 520 | |a Ekonomická globalizácia - proces, ktorý ovplyvňuje vývoj sveta. Proces rozširovania Európskej únie. Východiskový stav rozšírenej EÚ. Územie a obyvateľstvo - rok 2001. Lisabonský protokol. Makroekonomické ukazovatele. Oblasť vzdelávania v rámci Lisabonského procesu. Modernizácia sociálnej politiky. Posilňovanie sociálnej súdržnosti. Politika zamestnanosti. Hlavné ciele a úlohy v jednotlivých oblastiach sociálnej štatistiky. Štatistika sociálnej ochrany. Štatistika trhu práce. Demografia a migrácia. Štatistika zdravotnej starostlivosti, vzdelania a kultúry. | ||
| 610 | 2 | 0 | |a Európska únia |
| 610 | 2 | 0 | |a globalizácia |
| 610 | 2 | 0 | |a štatistika |
| 610 | 2 | 0 | |a štatistika sociálna |
| 610 | 2 | 0 | |a politika sociálna |
| 610 | 2 | 0 | |a politika zamestnanosti |
| 610 | 2 | 0 | |a ochrana sociálna |
| 610 | 2 | 0 | |a demografia |
| 610 | 2 | 0 | |a migrácia |
| 610 | 2 | 0 | |a starostlivosť sociálna |
| 100 | 1 | |a Drápal, Stanislav | |